000 00277nam a2200109 4500
082 _a954.91BAR
100 _aBareecho, Mushtaque Masroor
245 _aPakistan Jo Ibhyas (Pak Studies, Sindhi)
260 _aHyderabad:
_bNaseem Book Depot.
_c2002.
300 _a350p. ;
942 _cBK
999 _c5536
_d5536